| 000 | 00639nas a2200229 4500 | ||
|---|---|---|---|
| 001 | BR8803308 | ||
| 003 | BR-BrBNA | ||
| 005 | 20231205091149.0 | ||
| 007 | ta | ||
| 008 | 230509b bl.|||p| |||| 00| 00por d | ||
| 040 |
_aBR-BrBNA _bpor _cBiblioteca Nacional de Agricultura |
||
| 041 | _a(Pt) | ||
| 072 | _aF30 | ||
| 100 | 1 | _aMiocque, J. | |
| 245 | 1 | _aA variedade SP71-8210 [cana de acucar] | |
| 650 | _aCANA DE ACUCAR | ||
| 650 | _aVARIEDADE | ||
| 650 | _aSELECAO MASSAL | ||
| 773 | 0 |
_tSTAB (Brazil) _xISSN 0102-1214 _g(Mar-Apr 1987), v. 5(4) p. 24-26 _wBR8803308 |
|
| 909 |
_a202311 _bLúcia _c55 _dLúcia Elande |
||
| 942 |
_2AGRIS _n0 _cANA |
||
| 999 |
_c123255 _d123255 |
||